América Central, entre la anexión y la esperanza/
Guardado en:
| Autor principal: | |
|---|---|
| Formato: | Libro |
| Lenguaje: | Spanish |
| Etiquetas: |
Agregar Etiqueta
Sin Etiquetas, Sea el primero en etiquetar este registro!
|
MARC
| LEADER | 00000nam a22000007a 4500 | ||
|---|---|---|---|
| 003 | cru CIDCACS/IIS | ||
| 005 | 20190221133805.0 | ||
| 007 | Ta | ||
| 008 | 190221b2000 mx q||p|r||||||0| ||spa|| | ||
| 999 | |c 42190 |d 42190 | ||
| 040 | |c cru CIDCACS/IIS | ||
| 100 | 1 | |9 4445 |a Solís Rivera, Luis Guillermo | |
| 245 | 1 | |a América Central, entre la anexión y la esperanza/ |c Luis Guillermo Solís Rivera | |
| 300 | |a páginas 69-75 | ||
| 773 | 0 | |0 42185 |9 2662 |a InstitutoTecnológico Autónomo de México |d México: El Instituto, 2000- |o 17874 |t Foreign Affairs: |x 16651707 | |
| 942 | |2 ddc |c PP | ||
